| 000 | 00675nam a22002172 4500 | ||
|---|---|---|---|
| 001 | 0000009305 | ||
| 005 | 20151217145849.0 | ||
| 008 | 080922s xx 000 0 eng d | ||
| 020 |
_a0521315786 : _cBSP 38 |
||
| 040 |
_aKABU _cKABU |
||
| 100 | 1 |
_aPanchen, Alec L. _@0000160511 |
|
| 245 | 1 | 0 |
_aClassification, evolution, and the nature of biology / _cAlec L. Panchen. |
| 260 |
_aCambridge : _bC. U. P., _c1992. |
||
| 300 | _axi, 403 p. | ||
| 650 | 0 |
_aBiology _xClassification. _@0000160512 |
|
| 650 | 0 |
_aEvolution (Biology) _@0000155262 |
|
| 650 | 0 |
_aBiology _xPhilosophy. _@0000155255 |
|
| 908 | _a080922 | ||
| 950 | _@1 | ||
| 999 |
_c3436 _d3436 |
||